|
|
|
|
| LEADER |
00975cam a2200217 u 4500 |
| 001 |
10078809 |
| 003 |
GR-PaULI |
| 005 |
20230117104619.0 |
| 008 |
090914s1959 gr f f gre |
| 952 |
|
|
|0 0
|1 0
|2 ddc
|4 0
|6 843_914000000000000_GAR
|7 0
|9 209414
|a LISP
|b LISP
|c BSC
|d 2017-02-01
|i 135664
|l 1
|m 1
|o 843.914 GAR
|p 025000253651
|r 2020-01-17 00:00:00
|s 2019-12-19
|t 1
|w 2017-02-01
|y BK15
|
| 999 |
|
|
|c 127436
|d 127436
|
| 040 |
|
|
|a GR-PaULI
|c GR-PaULI
|b gre
|e AACR2
|
| 041 |
0 |
|
|a gre
|h fre
|
| 082 |
1 |
4 |
|a 843.914
|2 23
|
| 100 |
1 |
|
|a Garnier, Pierre,
|d 1928-
|e συγγραφέας
|9 159753
|
| 245 |
1 |
0 |
|a Κι' ήθελαν να πεθάνουν από αγάπη :
|b νουβέλλα /
|c Garnier Pierre ; μετάφραση Αγνής Σωτηρακοπούλου .
|
| 260 |
|
|
|a Αθήνα :
|b Δίφρος,
|c 1959.
|
| 300 |
|
|
|a 126 σ. ;
|c 20 εκ.
|
| 700 |
1 |
|
|a Σωτηρακοπούλου - Σχοινά, Αγνή
|9 159754
|e μεταφράστρια.
|
| 942 |
|
|
|2 ddc
|c BK15
|
| 998 |
|
|
|c ΜΠΟΥΡΑΣ
|d 2017-02
|